ARRUPE JESUIT UNIVERSITY

CORONAVIRUS -STOP THE SPREAD - CLEAN,DISINFECT,COVER

IsiKristu Lezinye Izinkolo Emhlabeni (Record no. 119256)

MARC details
000 -LEADER
fixed length control field 00426nam a22001337a 4500
008 - FIXED-LENGTH DATA ELEMENTS--GENERAL INFORMATION
fixed length control field 131213b xxu||||| |||| 00| 0 eng d
050 ## - LIBRARY OF CONGRESS CALL NUMBER
Classification number BR127.N337 2012
100 ## - MAIN ENTRY--PERSONAL NAME
Personal name Ncube, Raphael M. Fr.
9 (RLIN) 5689
245 ## - TITLE STATEMENT
Title IsiKristu Lezinye Izinkolo Emhlabeni
Statement of responsibility, etc Raphael M. Ncube Fr.
260 ## - PUBLICATION, DISTRIBUTION, ETC. (IMPRINT)
Place of publication, distribution, etc Plumtree
Name of publisher, distributor, etc Ilizwi Publications
Date of publication, distribution, etc 2012
300 ## - PHYSICAL DESCRIPTION
Extent iv, 244p. ;
Dimensions 23cm.
650 ## - SUBJECT ADDED ENTRY--TOPICAL TERM
Topical term or geographic name as entry element Christianity
General subdivision Relations
9 (RLIN) 5690
942 ## - ADDED ENTRY ELEMENTS (KOHA)
Source of classification or shelving scheme Library of Congress Classification
Item type Monograph ( Printed materials)
Holdings
Withdrawn status Lost status Source of classification or shelving scheme Damaged status Not for loan Home library Current library Date acquired Total Checkouts Full call number Barcode Date last seen Price effective from Koha item type
    Library of Congress Classification     ARRUPE LIBRARY ARRUPE LIBRARY 13/12/2013   BR127.N337 2012 46411358 15/11/2016 13/12/2013 Monograph ( Printed materials)

 

Arrupe Library. PO Box MP320 Mt Pleasant, Harare, Zimbabwe
263 242 745411|librarian@aju.ac.zw